| 000 | 01135nam a2200265 i 4500 | ||
|---|---|---|---|
| 001 | 182971 | ||
| 003 | ES-MaACL | ||
| 005 | 20240519063027.0 | ||
| 008 | 140108s2010 sp | |||||||| | spa d | ||
| 020 | _a978-84-8108-476-4 | ||
| 080 | _a821.134.2-14"19" | ||
| 100 | 0 |
_aEgea, Julio Alfredo, _d1926-2018 _946706 |
|
| 245 | 1 | 0 |
_aPoesía completa / _cJulio Alfredo Egea ; estudio preliminar de Francisco Jiménez Martínez. |
| 260 |
_a[Almería] : _bInstituto de Estudios Almerienses, _c2010. |
||
| 300 |
_a2 v. (1254 p.) ; _c21 cm. |
||
| 490 | 1 |
_aColección Letras ; _vn. 39 |
|
| 700 | 1 |
_aJiménez Martínez, Paco. _9153375 |
|
| 830 | 0 |
_aColección Letras ; _vn. 39 _9191854 |
|
| 852 |
_aES-MaACL _jA-12936 _pv.1 _9189904 _bR.149734 _cDEPO1 _dOlim: N-5936 _xDonación: Julio Alfredo Egea |
||
| 852 |
_aES-MaACL _jA-12938 _pv.3 _9200714 _bR.149735 _cDEPO1 _dOlim: N-5938 _xDonación: Julio Alfredo Egea |
||
| 852 |
_aES-MaACL _jA-12937 _pv.2 _9200713 _bR.149734 _cDEPO1 _dOlim: N-5937 _xDonación: Julio Alfredo Egea |
||
| 903 |
_aEgea, Julio Alfredo, _d1926-2018 _ednr _946706 |
||
| 942 |
_2udc _cMONOGRAFIA |
||
| 999 |
_c182971 _d182971 |
||